[Event "SVK-ch U14"]
[Site "Tatralandia"]
[Date "2024.04.11"]
[Round "8"]
[White "Tirko, Martin"]
[Black "Cerny, Filip"]
[Result "1/2-1/2"]
[WhiteElo "1552"]
[BlackElo "1643"]
[PlyCount "98"]
[EventDate "2024.04.05"]
[EventType "swiss"]
[EventRounds "9"]
[EventCountry "SVK"]
[SourceTitle "CBM 219 Extra"]
[Source "ChessBase"]
[SourceDate "2024.05.31"]
[SourceVersion "1"]
[SourceVersionDate "2024.05.31"]
[SourceQuality "1"]

1. e4 c6 2. Nc3 d5 3. Nf3 dxe4 4. Nxe4 Nf6 5. Qe2 Nxe4 6. Qxe4 Nd7 7. Bc4 e6 8. d4 Nf6 9. Qd3 b6 10. 0-0 Be7 11. Ne5 Bb7 12. c3 0-0 13. Qg3 Ne4 14. Qh3 Nd6 15. Bd3 g6 16. Bh6 Re8 17. Rfe1 Bg5 18. f4 Bxh6 19. Qxh6 Qf6 20. g4 Qg7 21. g5 Qxh6 22. gxh6 Red8 23. Ng4 Ne8 24. Re2 c5 25. Be4 Bxe4 26. Rxe4 f5 27. Rxe6 fxg4 28. dxc5 Nc7 29. Rc6 Nd5 30. c4 Nb4 31. Rc7 bxc5 32. Re1 Re8 33. Rxe8+ Rxe8 34. Rxa7 Nd3 35. b3 Rf8 36. a4 Rb8 37. a5 Nb4 38. a6 Nc6 39. Rc7 Na5 40. Rxc5 Nxb3 41. Rb5 Ra8 42. Rxb3 Rxa6 43. Rb8+ Kf7 44. Rh8 Rc6 45. Rxh7+ Kg8 46. Rg7+ Kh8 47. Kg2 Rxc4 48. Rxg6 Rxf4 49. Kg3 Kh7 1/2-1/2

[Event "SVK-ch U14"]
[Site "Tatralandia"]
[Date "2024.04.07"]
[Round "3"]
[White "Jursa, Juraj"]
[Black "Tirko, Martin"]
[Result "1-0"]
[WhiteElo "1685"]
[BlackElo "1552"]
[PlyCount "93"]
[EventDate "2024.04.05"]
[EventType "swiss"]
[EventRounds "9"]
[EventCountry "SVK"]
[SourceTitle "CBM 219 Extra"]
[Source "ChessBase"]
[SourceDate "2024.05.31"]
[SourceVersion "1"]
[SourceVersionDate "2024.05.31"]
[SourceQuality "1"]

1. e4 e5 2. Nf3 Nc6 3. Bb5 Nd4 4. Nxd4 exd4 5. 0-0 c6 6. Bc4 d6 7. d3 Be7 8. Bf4 b5 9. Bb3 Be6 10. Bxe6 fxe6 11. e5 d5 12. Qg4 Kf7 13. Nd2 h5 14. Qf3 Ke8 15. Nb3 g5 16. Bd2 Qc7 17. Nxd4 Qc8 18. Qg3 Rh6 19. h4 Kd7 20. hxg5 Rg6 21. Qh3 Qd8 22. Qxh5 Qe8 23. Nf3 Rg7 24. Qxe8+ Rxe8 25. b3 Rf8 26. c4 Rxf3 27. gxf3 Bxg5 28. Bxg5 Rxg5+ 29. Kh2 Nh6 30. Rg1 Rh5+ 31. Kg2 Rxe5 32. Kf1 Nf7 33. Re1 Rf5 34. cxb5 cxb5 35. Rg6 Ne5 36. Rg7+ Nf7 37. Kg2 Ke7 38. d4 Rf6 39. Rc1 Kd7 40. Rc5 a6 41. a4 bxa4 42. bxa4 Kd6 43. Ra5 Kc6 44. Rxa6+ Kb7 45. Ra5 Kb6 46. Ra8 Kb7 47. Rf8 1-0

[Event "SVK-ch U14"]
[Site "Tatralandia"]
[Date "2024.04.07"]
[Round "4"]
[White "Tirko, Martin"]
[Black "Sekera, Timotej"]
[Result "0-1"]
[WhiteElo "1552"]
[BlackElo "1708"]
[PlyCount "112"]
[EventDate "2024.04.05"]
[EventType "swiss"]
[EventRounds "9"]
[EventCountry "SVK"]
[SourceTitle "CBM 219 Extra"]
[Source "ChessBase"]
[SourceDate "2024.05.31"]
[SourceVersion "1"]
[SourceVersionDate "2024.05.31"]
[SourceQuality "1"]

1. d4 d5 2. e3 Nf6 3. Bd3 Bg4 4. f3 Bh5 5. Nd2 e6 6. c3 c5 7. b3 Nc6 8. Bb2 cxd4 9. cxd4 Bd6 10. Qc2 Nb4 11. Qb1 Nxd3+ 12. Qxd3 0-0 13. Ne2 Re8 14. Ng3 Bg6 15. e4 Bxg3+ 16. hxg3 dxe4 17. fxe4 Qc7 18. Rc1 Qa5 19. 0-0 h6 20. Nc4 Qh5 21. Nd2 Ng4 22. Nf3 f5 23. e5 f4 24. Qd2 fxg3 25. Qf4 Bd3 26. Qxg3 Bxf1 27. Rxf1 Ne3 28. Re1 Nf5 29. Qf2 Qg6 30. Ba3 Rac8 31. Bb2 Rc7 32. Re2 Rec8 33. Nh2 Ng3 34. Ba3 Nxe2+ 35. Qxe2 Qb1+ 36. Nf1 Rf7 37. Bc5 b6 38. Ba3 Rc2 39. Qb5 Rxf1+ 40. Qxf1 Qxf1+ 41. Kxf1 Rxa2 42. Bd6 Rb2 43. b4 a5 44. bxa5 bxa5 45. g4 a4 46. Ke1 Rg2 47. Kd1 Rxg4 48. Kc2 Rxd4 49. Kc3 Rd5 50. Kb4 h5 51. Be7 Rxe5 52. Kxa4 h4 53. Bd6 Re2 54. Kb3 h3 55. Kc3 h2 56. Bxh2 Rxh2 0-1

[Event "SVK-ch U14"]
[Site "Dudince"]
[Date "2023.04.19"]
[Round "5"]
[White "Otahal, Kristian"]
[Black "Tirko, Martin"]
[Result "1/2-1/2"]
[WhiteElo "1162"]
[BlackElo "1110"]
[PlyCount "97"]
[EventDate "2023.04.16"]
[EventType "swiss"]
[EventRounds "9"]
[EventCountry "SVK"]
[SourceTitle "CBM 213 Extra"]
[Source "ChessBase"]
[SourceDate "2023.05.31"]
[SourceVersion "1"]
[SourceVersionDate "2023.05.31"]
[SourceQuality "1"]

1. e4 e5 2. Nf3 Nc6 3. Bc4 Nf6 4. d3 Bc5 5. 0-0 0-0 6. Bg5 h6 7. Bxf6 Qxf6 8. c3 d6 9. Nbd2 Be6 10. Bb3 Rad8 11. Bxe6 Qxe6 12. Qb3 Qxb3 13. Nxb3 Bb6 14. d4 exd4 15. cxd4 d5 16. e5 Rfe8 17. Rfe1 a5 18. a4 g5 19. h3 Nb4 20. Re2 f6 21. Rd1 h5 22. Rdd2 g4 23. hxg4 hxg4 24. Nh4 Kf7 25. f4 gxf3 26. Nxf3 Nc6 27. exf6 Kxf6 28. Rxe8 Rxe8 29. Kf1 Re3 30. Nc5 Bxc5 31. dxc5 Nb4 32. Kf2 Rd3 33. Ke2 Rxd2+ 34. Kxd2 b6 35. cxb6 cxb6 36. Nd4 Ke5 37. Ke3 Na6 38. b3 Nc7 39. g3 Ne8 40. g4 Nf6 41. g5 Ne4 42. Nf3+ Kd6 43. Kd4 Nc5 44. Kc3 Ne6 45. b4 d4+ 46. Nxd4 axb4+ 47. Kc4 Nxg5 48. Kxb4 Kc7 49. a5 1/2-1/2

[Event "SVK-ch U14"]
[Site "Dudince"]
[Date "2023.04.17"]
[Round "2"]
[White "Ziman, Damian"]
[Black "Tirko, Martin"]
[Result "1-0"]
[WhiteElo "1341"]
[BlackElo "1110"]
[PlyCount "111"]
[EventDate "2023.04.16"]
[EventType "swiss"]
[EventRounds "9"]
[EventCountry "SVK"]
[SourceTitle "CBM 213 Extra"]
[Source "ChessBase"]
[SourceDate "2023.05.31"]
[SourceVersion "1"]
[SourceVersionDate "2023.05.31"]
[SourceQuality "1"]

1. e4 e5 2. Nf3 Nc6 3. Bc4 d6 4. d3 h6 5. c3 Nf6 6. 0-0 Be6 7. Bxe6 fxe6 8. Re1 Be7 9. d4 exd4 10. cxd4 0-0 11. Qb3 Qc8 12. Nc3 Kh8 13. d5 Na5 14. Qb5 b6 15. Nd4 a6 16. Qe2 e5 17. Ne6 Re8 18. Qf3 c6 19. Qg3 Bf8 20. Qg6 cxd5 21. exd5 Nxd5 22. Nxf8 Rxf8 23. Nxd5 Qc5 24. Ne3 Rf6 25. Qg4 Raf8 26. Rf1 d5 27. b4 Qc3 28. Nxd5 Qxa1 29. Nxf6 Qxa2 30. Nh5 Qf7 31. bxa5 bxa5 32. Bb2 Qc7 33. Re1 Qa7 34. Qg3 Rf5 35. Rxe5 Qd7 36. Qxg7+ Qxg7 37. Nxg7 Rf8 38. Rxa5 Rb8 39. Ra2 a5 40. h3 a4 41. Nf5+ Kh7 42. Bd4 Rb5 43. Ne3 Rb4 44. Ba7 Kg6 45. Nd5 Rb5 46. Nb6 Rb1+ 47. Kh2 h5 48. Rxa4 Rb2 49. Nd5 Rd2 50. Nf4+ Kg5 51. Be3 Rc2 52. Ra5+ Kf6 53. Rxh5 Ra2 54. g4 Ra8 55. Bd4+ Kf7 56. Rh7+ 1-0